000 00942cab a2200253 4500
001 ABS50876
008 090401t1994 xxu||||| |||| 00| 0 eng d
035 _a(Sirsi) u86606
041 _aeng
100 _aCarpenter, P.
245 _aGoing underground
260 _c1994
350 _a0
490 _aTown & Country Planning
_v63(5) May 1994, 152-153(2)
520 _aEarth sheltered dwellings built below ground level could offer significant advantages and provide a long sought-after compromise between developers and conservationists. Looks at issues such as the impact on urban sites, and future potential, and compares similar projects in the USA.
650 _aARTHUR QUARMBY
650 _aBRITISH EARTH SHELTERING ASSOCIATION
650 _aEARTH SHELTERED BUILDING
650 _aSPACE HEATING
690 _aBUILT ENVIRONMENT-CONSTRUCTION DESIGN
690 _aHOUSING-DEVELOPMENT
942 _n0
948 _c04/03/1997
999 _c54530
_d54530